banner-ar

من يجرؤ على نقد اسرائيل ؟ : (Record no. 8660)

MARC details
000 -الفاتح
حقل البيانات ثابتة الطول 00756nam a2200217Ia 4500
008 - عناصر البيانات ثابتة الطول - معلومات عامة
حقل البيانات ثابتة الطول 140319s9999 xx 000 0 ara d
020 ## - الرقم الدولى المعيارى للكتب
الرقم الدولى المعيارى للكتاب 9206000977
040 ## - مصدر الفهرسة
وكالة الفهرسة الأصلية GCL /
وكالة النسخ GCL
082 04 - رقم تصنيف ديوى العشرى
رقم التصنيف 327.117
رقم المادة ب م
100 1# - المدخل الرئيسى - إسم شخصى
الإسم الشخصى احمد الشيخ
245 10 - بيان العنوان
العنوان من يجرؤ على نقد اسرائيل ؟ :
بقية العنوان EST - IL PERMIS DE CRITIQUER ISRAEL ? /
بيان المسئوليه,etc احمد الشيخ
700 1# - المدخل الاضافى - اسم شخصى
الإسم الشخصى بونيفاس، باسكال
250 ## - بيان الطبعة
بيان الطبعة الاولى
260 ## - PUBLICATION, DISTRIBUTION, ETC. (IMPRINT)
تاريخ النشر أو التوزيع 2004
300 ## - الوصف المادى
التعداد 265 ص ؛
أبعاد الوعاء 16 سم
650 04 - المدخل الاضافى بالموضوع-مصطلح موضوعى
مصطلح موضوعي الصهيونية
650 04 - المدخل الاضافى بالموضوع-مصطلح موضوعى
مصطلح موضوعي اسرائيل - العلاقات الخارجية
650 04 - المدخل الاضافى بالموضوع-مصطلح موضوعى
مصطلح موضوعي اسرائيل - الوضع الدولى
942 ## - عناصر المدخل الإضافي( كوها)
مصدر التصنيف او مخطط الترفيف Dewey Decimal Classification
Koha [default] item type كتاب
260 ## - PUBLICATION, DISTRIBUTION, ETC. (IMPRINT)
-- الامارات :
-- المركز العربى للدراسات ،
Holdings
حالة التراجع حالة الفقد حالة تلف ليس للاعارة المكان المؤقت الموقع الحالى تاريخ الاكتساب اجمالي اﻻعارات رقم الطلب الباركود تاريخ اخر مشاهدة تاريخ تفعيل السعر نوع وعاء كوها
        مكتبة القاهرة الكبرى مكتبة القاهرة الكبرى 03/26/2014   327.117\ب م 18152 03/26/2014 03/26/2014 كتاب
        مكتبة القاهرة الكبرى مكتبة القاهرة الكبرى 03/26/2014   327.117\ب م 18153 03/26/2014 03/26/2014 كتاب

Powered By

EGPV